Fr. Conceicao Rodrigues College of Engineering

Fluid power Controls (Record no. 17780)

MARC details
000 -LEADER
fixed length control field 00247nam a2200121Ia 4500
100 ## - MAIN ENTRY--PERSONAL NAME
Personal name Pippenger
245 ## - TITLE STATEMENT
Title Fluid power Controls
260 ## - PUBLICATION, DISTRIBUTION, ETC.
Name of publisher, distributor, etc. McGraw Hill
Place of publication, distribution, etc. NEWYORK
Date of publication, distribution, etc. 1959
300 ## - PHYSICAL DESCRIPTION
Extent 252
546 ## - LANGUAGE NOTE
Language note ENGLISH
654 ## - SUBJECT ADDED ENTRY--FACETED TOPICAL TERMS
Focus term Fluid
942 ## - ADDED ENTRY ELEMENTS (KOHA)
Koha item type BOOK
Holdings
Withdrawn status Lost status Damaged status Not for loan Collection Home library Current library Date acquired Cost, normal purchase price Inventory number Total Checkouts Full call number Barcode Date last seen Cost, replacement price Price effective from Koha item type
        AFT Fr. Agnel's C.Rodrigues College of Engineering Fr. Agnel's C.Rodrigues College of Engineering 17/03/2023 102.00 T-465   AFT1634 17/03/2023 102.00 17/03/2023 BOOK
        AFT Fr. Agnel's C.Rodrigues College of Engineering Fr. Agnel's C.Rodrigues College of Engineering 17/03/2023 63.75     629.8 AFT590 17/03/2023 63.75 17/03/2023 BOOK